<?xml version="1.0" encoding="UTF-8"?>
<collection xmlns="http://www.loc.gov/MARC21/slim">
 <record>
  <leader>01322pam a22002778a 4500</leader>
  <controlfield tag="001">00028147</controlfield>
  <controlfield tag="005">20171026081023.0</controlfield>
  <controlfield tag="008">120220s2001                  ||||||viesd</controlfield>
  <datafield tag="020" ind1=" " ind2=" ">
   <subfield code="c">23700</subfield>
  </datafield>
  <datafield tag="041" ind1="0" ind2="#">
   <subfield code="a">vie</subfield>
  </datafield>
  <datafield tag="082" ind1="1" ind2="4">
   <subfield code="b">T312T</subfield>
   <subfield code="a">627</subfield>
  </datafield>
  <datafield tag="100" ind1="1" ind2="#">
   <subfield code="a">Nguyễn, Văn Tuần</subfield>
  </datafield>
  <datafield tag="245" ind1="1" ind2="0">
   <subfield code="a">Tính toán thủy lợi</subfield>
   <subfield code="c">Nguyễn Văn Tuần,Trịnh Quang Hòa, Nguyễn Hữu Khải</subfield>
  </datafield>
  <datafield tag="260" ind1="#" ind2="#">
   <subfield code="a">Hà Nội</subfield>
   <subfield code="b">Đại học Quốc Gia Hà Nội</subfield>
   <subfield code="c">2001</subfield>
  </datafield>
  <datafield tag="300" ind1="#" ind2="#">
   <subfield code="a">195tr.</subfield>
   <subfield code="b">hình vẽ</subfield>
   <subfield code="c">27cm.</subfield>
  </datafield>
  <datafield tag="504" ind1="#" ind2="#">
   <subfield code="a">Thư mục tr.195</subfield>
  </datafield>
  <datafield tag="520" ind1="#" ind2="#">
   <subfield code="a">Những tài liệu cơ bản trong tính toán thủy lợi và đặc điểm của các ngành dùng nước</subfield>
  </datafield>
  <datafield tag="653" ind1="#" ind2="#">
   <subfield code="a">Thủy lợi</subfield>
  </datafield>
  <datafield tag="700" ind1="1" ind2="#">
   <subfield code="a">Nguyễn, Hữu Khải</subfield>
  </datafield>
  <datafield tag="700" ind1="1" ind2="#">
   <subfield code="a">Trịnh, Quang Hà</subfield>
  </datafield>
  <datafield tag="852" ind1="#" ind2="#">
   <subfield code="b">Kho giáo trình</subfield>
   <subfield code="j">KGT.0034117, KGT.0034118, KGT.0034119, KGT.0034120, KGT.0034121, KGT.0034122, KGT.0034123, KGT.0034124, KGT.0034125, KGT.0034126</subfield>
  </datafield>
  <datafield tag="852" ind1="#" ind2="#">
   <subfield code="b">Kho mượn</subfield>
   <subfield code="j">KGT.0034117</subfield>
  </datafield>
  <datafield tag="852" ind1="#" ind2="#">
   <subfield code="b">Kho đọc</subfield>
   <subfield code="j">KD.0012511</subfield>
  </datafield>
  <datafield tag="852" ind1="#" ind2="#">
   <subfield code="j">KGT.0034118</subfield>
   <subfield code="j">KGT.0034120</subfield>
   <subfield code="j">KGT.0034121</subfield>
   <subfield code="j">KGT.0034123</subfield>
   <subfield code="j">KGT.0034124</subfield>
   <subfield code="j">KGT.0034126</subfield>
   <subfield code="j">KD.0012511</subfield>
   <subfield code="j">KGT.0034117</subfield>
   <subfield code="j">KGT.0034119</subfield>
   <subfield code="j">KGT.0034122</subfield>
   <subfield code="j">KGT.0034125</subfield>
  </datafield>
  <datafield tag="910" ind1="0" ind2="#">
   <subfield code="a">Bích Vân</subfield>
   <subfield code="d">20/02/2012</subfield>
  </datafield>
  <datafield tag="980" ind1="#" ind2="#">
   <subfield code="a">Trung tâm Học liệu Lê Vũ Hùng, Trường Đại học Đồng Tháp</subfield>
  </datafield>
 </record>
</collection>
